00862 a2200205 4500003000500000005001700005010001700022020001500039040000900054082001400063100003100077245008800108260003800196300003400234505018400268650003900452942002300491999001900514952012300533NUST20221206124548.0 a 80021887  a0060413956 cNust00a153.6,CRA1 aCrable, Richard E.910423710aOne to another :ba guidebook for interpersonal communication /cRichard E. Crable. aNew York :bHarper & Row,cc1981. axvi, 300 p. :bill. ;c23 cm. aCommunication One to another (Page-1), Concepts of Interpersonal Communication (Page-39), Process of Communication (Page-95), Interludes in Communication and Communion (Page-159). 0aInterpersonal communication.94420 2ddccBKk153.6,CRA c193794d193794 00102ddc4070aMCSbMCScGENd2016-12-12o153.6,CRApMCS21731r2016-12-08w2016-12-12yBKzAlmirah No.46, Shelf No.4